000
00233nam a22000857a 4500
008
170626b xxu||||| |||| 00| 0 eng d
100
_9
3703
_a
Dhawan. P
245
_a
Chemistry Question Bank- XII
260
_a
New Delhi
_b
Tata publication
_c
2009
999
_c
7124
_d
7124